Game Theory for Applied Economists
Kaydedildi:
| Yazar: | |
|---|---|
| Materyal Türü: | Kitap |
| Baskı/Yayın Bilgisi: |
Princton
|
| Konular: | |
| Etiketler: |
Etiket eklenmemiş, İlk siz ekleyin!
|
MARC
| LEADER | 00000nam a2200000Ia 4500 | ||
|---|---|---|---|
| 005 | 20260427112646.0 | ||
| 526 | |b Economics | ||
| 100 | |a Robert Gibbons | ||
| 020 | |a 9780691003955 | ||
| 650 | |a Game Theory | ||
| 526 | |a Bachelors | ||
| 942 | |c BK | ||
| 245 | |a Game Theory for Applied Economists | ||
| 260 | |b Princton | ||
| 999 | |c 23 |d 23 | ||
| 952 | |0 0 |1 0 |4 0 |7 0 |8 1 |a BRISTOL |b BRISTOL |d 2026-04-22 |l 0 |p 000027 |r 2026-04-27 11:26:46 |w 2026-04-27 |y BK | ||